02623cam a2200397 a 45000010005000000030006000050050017000110080041000280100017000690200025000860200022001110200026001330200023001590350024001820400067002060420008002730430012002810500023002930820019003161000032003352450084003672500060004512600041005113000074005525040066006265200956006926100050016486500043016988560106017418560091018478560075019389060045020139420015020589990015020739520137020883223FISKH20240507103347.0100702s2010 nyuabf b 001 0 eng  a 2010027709 a9780684868547 (hbk.) a0684868547 (hbk.) z9781451606362 (ebook) z1451606362 (ebook) a(OCoLC)ocn555639501 aDLCcDLCdBTCTAdYDXCPdUPZdMLYdC#PdMOFdBWXdCDXdMALdDLC apcc an-us---00aKF4541b.M278 201000a342.7302/92221 aMaier, Pauline,d1938-2013.10aRatification :bthe people debate the Constitution, 1787-1788 /cPauline Maier. a First Simon & Schuster hardcover edition October 2010  aNew York :bSimon & Schuster,c2010. axvi, 589 pages [16] pages. of plates :billustration., maps ;c25 cm. aIncludes bibliographical references (p. [491]-559) and index. aContents: The morning after -- "Take this or nothing" -- A war of printed words : the national debate begins -- The Pennsylvania ratifying convention-- with Delaware, New Jersey, and Georgia -- "We the people" of Connecticut and Massachusetts -- The Massachusetts Convention I : the "conversation" begins -- The Massachusetts Convention II : "--with cordiality" -- A rough road to Richmond : New Hampshire, Rhode Island, Maryland, and South Carolina -- The Virginia Convention I : a battle of giants -- The Virginia Convention II : under the eyes of heaven -- On to Poughkeepsie -- The New York Convention I : a failure of oratory -- The New York Convention II : in or out? -- Some final twists : the North Carolina Convention, a meeting in Pennsylvania, and the ratification story draws to an end. The dramatic story of the debate over the ratification of the Constitution, the first new account of this seminal moment in American history in years.10aUnited States.tConstitutionxPublic opinion. 0aConstitutional historyzUnited States.423Contributor biographical informationuhttp://www.loc.gov/catdir/enhancements/fy1010/2010027709-b.html423Publisher descriptionuhttp://www.loc.gov/catdir/enhancements/fy1010/2010027709-d.html423Book review (H-Net)uhttp://www.h-net.org/reviews/showrev.php?id=32211 a7bcbccorignewd1eecipf20gy-gencatlg 2ddccBKn0 c3223d3223 00102ddc40708NFICa001b001cTKSNFd2024-02-20l0oMAI 342.7302 KF4541.M278 2010p2024-0090r2024-02-20 15:09:15w2024-02-20yBK